Acciones y reflexiones para la reconstruccin̤ de la polt̕ica social en Mx̌ico Una mirada desde lo local /

Detalles Bibliográficos
Autor principal: Cogco Caldern̤, Adolfo Rogelio
Otros Autores: Rodrg̕uez Vargas, Mr̕iam
Formato: eBook
Lenguaje:español
Publicado: Mx̌ico D.F: Plaza y Valdš Editores, 2012
Materias:
Acceso en línea:Acceso restringido

MARC

LEADER 00000nam a22000007a 4500
005 20130809125939.0
007 cr|||| ||||
008 130809s2012 mx |||||s|||| 00||0 spa d
020 |a 978-607-402-408-1 
035 |a 11436 
040 |a vLex 
090 |c 4465  |d 4465 
100 1 |a Cogco Caldern̤, Adolfo Rogelio 
245 1 0 |a Acciones y reflexiones para la reconstruccin̤ de la polt̕ica social en Mx̌ico  |h [Recurso electrn̤ico] :  |b Una mirada desde lo local /  |c Adolfo Rogelio Cogco Caldern̤, Miriam Rodrg̕uez Vargas  
256 |a Servicio en ln̕ea 
260 |a Mx̌ico D.F:  |b Plaza y Valdš Editores,  |c 2012 
300 |a 1 recurso electrn̤ico 
506 1 |a Contenido solo disponible en los productos indicados  |d vLex Global  |d vLex Global (Academic Edition, excluding Law Schools)  |d vLex Global (U.S. Academic Edition, Law Schools)  |d vLex Global (U.S. Academic Edition, excluding Law Schools)  |d vLex Global (Academic Edition, Law Schools) 
650 0 4 |a Polt̕ica social  |z Mx̌ico 
700 1 |a Rodrg̕uez Vargas, Mr̕iam 
740 0 |a vLex Libros (Servicio en ln̕ea) 
856 4 0 |u http://vlex.com/source/acciones-reflexiones-reconstruccion-politica-social-mexico-11436  |z Acceso restringido 
942 |c BOOK